| 000 | 00886cam a2200301 i 4500 | ||
|---|---|---|---|
| 001 | 16730 | ||
| 003 | DO-SdUEMH | ||
| 005 | 20251226152315.0 | ||
| 007 | ta | ||
| 008 | 211105s2005 mx a|||gri||| 001 0 spa|d | ||
| 020 | _a9789701044674 | ||
| 040 |
_aDO-SdUEMH _bspa _erda |
||
| 041 |
_aspa _heng |
||
| 082 | 0 | 4 |
_mCG _a150.9 H832H 2005 _bH832h |
| 084 | _b14-00032 | ||
| 100 |
_aHothersall, David _eaut |
||
| 245 | 1 | 0 |
_aHistoria de la psicología / _cDavid Hothersall ; traducción: José Luis Niñez Herrejón |
| 250 | _aCuarta edición | ||
| 260 | _c2005 | ||
| 264 | 0 | 1 |
_aMexico, D.F. : _bMcgraw-hill, _c2005 |
| 300 |
_axxx, 641 paginas : _bIlustraciones ; _c23 cm |
||
| 336 |
_2rdacontent _atexto _btxt |
||
| 337 |
_2rdamedia _asin mediación _bn |
||
| 338 |
_2rdacarrier _avolumen _bnc |
||
| 504 | _aBibliografías al final de los capítulos | ||
| 942 |
_2ddc _cBK _n0 |
||
| 999 |
_c16730 _d16730 |
||